| 000 | 00832nas a2200277 4500 | ||
|---|---|---|---|
| 001 | BR2014008118 | ||
| 003 | BR-BrBNA | ||
| 005 | 20231205124839.0 | ||
| 007 | ta | ||
| 008 | 230509b bl.|||p| |||| 00| 00por d | ||
| 040 |
_aBR-BrBNA _bpor _cBiblioteca Nacional de Agricultura |
||
| 041 | _a(Pt) | ||
| 072 | _aE16 | ||
| 100 | 1 | _aPortugal, J.A.B. | |
| 100 | 1 | _aVilela, D. | |
| 100 | 1 | _aZoccal, R. | |
| 245 | 1 | _a2013: um cenário de oportunidades para a cadeia do leite | |
| 650 | _aLATICINIO | ||
| 650 | _aPRODUTO DERIVADO DO LEITE | ||
| 650 | _aMERCADO NACIONAL | ||
| 650 | _aANALISE ECONOMICA | ||
| 650 | _aPRODUCAO DE ALIMENTOS | ||
| 773 | 0 |
_tIndústria de Laticínios (Brazil) _xISSN 1678-7250 _g(Nov-Dez 2013), v. 18(105) p. 20-21 _wBR2014008118 |
|
| 909 |
_a202311 _bLúcia _c55 _dLúcia Elande |
||
| 942 |
_2AGRIS _n0 _cANA |
||
| 999 |
_c241216 _d241216 |
||